000 00281nam a22001337a 4500
008 170928b xxu||||| |||| 00| 0 eng d
020 _a1586204637
041 _aeng
080 _a37
100 _a47
101 _aEDU
245 _aKENTUCKY CCT COACH
_cZWEIG,S
942 _2udc
_cBK
999 _c30442
_d30442